Statistics for Philadelphia Flyers Roster 2022

Click here to take the quiz!

General Stats

  • This quiz has been taken 466 times
    (155 since last reset)
  • The average score is 11 of 22

Answer Stats

Pos, #BirthplacePlayer% Correct
G, 79Alberta, CANCarter Hart
86%
F, 11Ontario, CANTravis Konecny
82%
D, 9Yaroslavl', RUSIvan Provorov
76%
F, 13Massachusetts, USAKevin Hayes
71%
D, 77New Jersey, USAAnthony DeAngelo
62%
F, 21Ontario, CANScott Laughton
61%
F, 86New York, USAJoel Farabee
58%
D, 6Manitoba, CANTravis Sanheim
57%
F, 25New Jersey, USAJames van Riemsdyk
56%
F, 48Ontario, CANMorgan Frost
55%
F, 89Connecticut, USACam Atkinson
51%
G, 32Gävleborgs, SWEFelix Sandström
46%
F, 49Minnesota, USANoah Cates
46%
F, 59Minnesota, USAJackson Cates
45%
D, 61Minnesota, USAJustin Braun
43%
F, 44Quebec, CANNicolas Deslauriers
43%
D, 24Minnesota, USANick Seeler
38%
F, 57Manitoba, CANWade Allison
28%
D, 54Chelyabinsk, RUSYegor Zamula
25%
F, 17Prince Edward Island, CANZack MacEwen
24%
F, 58Illinois, USATanner Laczynski
17%
D, 37Illinois, USALouis Belpedio
9%

Score Distribution

Percentile by Number Answered

Percent of People with Each Score

Your Score History

You have not taken this quiz since the last reset